00513nam a2200121Ia 4500008004100000100002300041245008800064245011300152260000900265300003500274440004300309650003900352171207s9999 xx 000 0 und d aPeterson, Robin L. aCognitive Prediction of Reading, Math, and Attention: Shared and Unique Influences  cRobin L. Peterson, Richard Boada, Lauren M. McGrath, Erik G. Willcutt, Richard K. Olson, Bruce F. Pennington c2017 apages 408-21, July/August 2017 aJournal of Learning Disabilitiesv50:4 aEXECUTIVE FUNCTION, ACADEMIC SKILL